[Event "Oban Open"]
[Site "Oban"]
[Date "2015.11.21"]
[Round "2"]
[White "Slinger, Anthony"]
[Black "Giulian, Rosemary"]
[Result "0-1"]
[WhiteElo "1926"]
[BlackElo "1831"]
[PlyCount "74"]
[EventDate "2015.10.??"]
[EventType "swiss"]
[EventRounds "5"]
[EventCountry "SCO"]
[SourceDate "2015.12.10"]

1. c4 e5 2. g3 Nc6 3. Nc3 a6 4. Bg2 Bc5 5. Nf3 d6 6. O-O Nge7 7. a3 Ba7 8. d3
h6 9. b4 O-O 10. Bb2 Be6 11. Rc1 Qd7 12. e3 Bh3 13. Nd5 Bxg2 14. Kxg2 f5 15. d4
e4 16. Ng1 Nxd5 17. cxd5 Ne7 18. Qb3 Rac8 19. Ne2 Kh7 20. h4 Qb5 21. Nc3 Qe8
22. f3 exf3+ 23. Rxf3 Qg6 24. Rcf1 Rf6 25. Qa2 Rcf8 26. Qc4 f4 27. e4 fxg3 28.
Ne2 Rxf3 29. Rxf3 Qxe4 30. Ng1 Rxf3 31. Nxf3 Nxd5 32. Kxg3 c6 33. a4 Ne3 34.
Qf7 Qg4+ 35. Kf2 Nd1+ 36. Ke2 Nxb2 37. Qxb7 Qe4+ 0-1

[Event "Oban Open"]
[Site "Oban"]
[Date "2015.11.21"]
[Round "3"]
[White "Newton, Andrew"]
[Black "Greet, Andrew"]
[Result "0-1"]
[WhiteElo "1862"]
[BlackElo "2496"]
[PlyCount "54"]
[EventDate "2015.10.??"]
[EventType "swiss"]
[EventRounds "5"]
[EventCountry "SCO"]
[SourceDate "2015.12.10"]

1. d4 d5 2. c4 c6 3. Nf3 Nf6 4. Nc3 a6 5. a4 e6 6. Bg5 Nbd7 7. e4 h6 8. Bxf6
Nxf6 9. cxd5 cxd5 10. e5 Ne4 11. Nd2 Nxd2 12. Qxd2 Bb4 13. Be2 Bd7 14. O-O O-O
15. Qd3 Rc8 16. Rfc1 Qb6 17. f4 Rc4 18. Kh1 Rxd4 19. Qg3 Rd2 20. f5 exf5 21.
Bd3 Bxc3 22. bxc3 f4 23. Qf3 Qe3 24. Qxe3 fxe3 25. Rd1 Bg4 26. Rxd2 exd2 27.
Bc2 Re8 0-1

[Event "Oban Open"]
[Site "Oban"]
[Date "2015.11.21"]
[Round "3"]
[White "Gillies, A."]
[Black "Berry, Neil"]
[Result "0-1"]
[WhiteElo "1908"]
[BlackElo "2288"]
[PlyCount "84"]
[EventDate "2015.10.??"]
[EventType "swiss"]
[EventRounds "5"]
[EventCountry "SCO"]
[SourceDate "2015.12.10"]

1. d4 Nf6 2. Nf3 d5 3. g3 c5 4. Bg2 Nc6 5. O-O e6 6. c4 Be7 7. cxd5 exd5 8.
dxc5 Bxc5 9. Nc3 O-O 10. Bg5 d4 11. Bxf6 Qxf6 12. Ne4 Qe7 13. Nxc5 Qxc5 14. Rc1
Qb6 15. Qc2 h6 16. Nd2 Re8 17. Nc4 Qc5 18. a3 Bg4 19. b4 Qh5 20. f3 Bf5 21. Qd2
Qg6 22. b5 Ne5 23. a4 Rad8 24. Nxe5 Rxe5 25. e4 Bc8 26. Qa5 Qb6 27. Qxb6 axb6
28. Kf2 Rc5 29. Ke2 Be6 30. Kd3 Bb3 31. Rxc5 bxc5 32. Ra1 c4+ 33. Kd2 b6 34. a5
bxa5 35. Rxa5 c3+ 36. Kd3 c2 37. Ra1 Rc8 38. Rc1 Bc4+ 39. Kxd4 Bxb5 40. Ke3 Ba4
41. f4 Rd8 42. Bf3 Rd1 0-1

[Event "Oban Open"]
[Site "Oban"]
[Date "2015.11.21"]
[Round "3"]
[White "Romilly, PJ."]
[Black "Page, Mark"]
[Result "1/2-1/2"]
[WhiteElo "2057"]
[BlackElo "2047"]
[PlyCount "96"]
[EventDate "2015.10.??"]
[EventType "swiss"]
[EventRounds "5"]
[EventCountry "SCO"]
[SourceDate "2015.12.10"]

1. e4 c5 2. Nf3 d6 3. d4 cxd4 4. Nxd4 Nf6 5. Nc3 a6 6. Be2 e5 7. Nb3 Be7 8. O-O
Be6 9. f4 Qc7 10. f5 Bc4 11. Be3 Nbd7 12. Bxc4 Qxc4 13. Qf3 O-O 14. Rad1 Rfc8
15. Kh1 b5 16. a3 a5 17. Nd2 Qc6 18. Rc1 Nb6 19. g4 b4 20. Ne2 d5 21. Ng3 dxe4
22. Ngxe4 Nbd5 23. axb4 axb4 24. Bf2 Nxe4 25. Nxe4 Nf6 26. Rfe1 Nxe4 27. Qxe4
Bg5 28. Qxc6 Rxc6 29. Be3 Bh4 30. Re2 Ra2 31. b3 h6 32. Kg2 f6 33. Kf1 Rb2 34.
Rd2 Kh7 35. Ke2 Rxb3 36. Rd3 Rbc3 37. Kd2 Rxd3+ 38. cxd3 Rxc1 39. Kxc1 g6 40.
Kc2 Be1 41. Kb3 gxf5 42. gxf5 h5 43. d4 Bc3 44. d5 Kg8 45. Bc5 Kf7 46. Bxb4
Bxb4 47. Kxb4 Ke7 48. Kc5 Kd7 1/2-1/2

[Event "Oban Open"]
[Site "Oban"]
[Date "2015.11.21"]
[Round "3"]
[White "Giulian, Rosemary"]
[Black "Neave, George"]
[Result "0-1"]
[WhiteElo "1831"]
[BlackElo "2130"]
[PlyCount "70"]
[EventDate "2015.10.??"]
[EventType "swiss"]
[EventRounds "5"]
[EventCountry "SCO"]
[SourceDate "2015.12.10"]

1. e4 e5 2. Nf3 Nc6 3. Bb5 Nf6 4. d3 Bc5 5. O-O d6 6. c3 O-O 7. b4 Bb6 8. Bb2
Ne7 9. Nbd2 c6 10. Ba4 Ng6 11. Bc2 Nf4 12. d4 Qe7 13. dxe5 dxe5 14. a4 Bg4 15.
a5 Bc7 16. Re1 Rad8 17. Qb1 Qd7 18. Re3 N6h5 19. Nc4 Qe6 20. Qf1 Rfe8 21. Rd1
Rxd1 22. Bxd1 Qg6 23. Nh4 Qg5 24. Bxg4 Qxg4 25. Nf5 Rd8 26. f3 Qg5 27. Re1 Nd3
28. Bc1 Nxc1 29. Rxc1 Nf4 30. g3 Ne2+ 31. Qxe2 Qxc1+ 32. Kg2 Qxc3 33. f4 exf4
34. Qg4 f3+ 35. Kh3 f2 0-1

[Event "Oban Open"]
[Site "Oban"]
[Date "2015.11.21"]
[Round "3"]
[White "Orr, Mark JL"]
[Black "Ridge, Michael"]
[Result "1-0"]
[WhiteElo "2169"]
[BlackElo "1916"]
[PlyCount "35"]
[EventDate "2015.10.??"]
[EventType "swiss"]
[EventRounds "5"]
[EventCountry "SCO"]
[SourceDate "2015.12.10"]

1. c4 g6 2. g3 Bg7 3. Bg2 c5 4. Nf3 Nc6 5. O-O e6 6. d3 Nge7 7. Nbd2 O-O 8. Rb1
d5 9. a3 b6 10. b4 cxb4 11. axb4 Bb7 12. Bb2 Qd7 13. Bxg7 Kxg7 14. b5 Na5 15.
c5 bxc5 16. Qa4 Nac6 17. bxc6 Bxc6 18. Qa3 1-0

[Event "Oban Open"]
[Site "Oban"]
[Date "2015.11.21"]
[Round "3"]
[White "Dawson, Alastair"]
[Black "Bamber, Elaine"]
[Result "1/2-1/2"]
[WhiteElo "1861"]
[BlackElo "2106"]
[PlyCount "92"]
[EventDate "2015.10.??"]
[EventType "swiss"]
[EventRounds "5"]
[EventCountry "SCO"]
[SourceDate "2015.12.10"]

1. g3 d5 2. Nf3 Nf6 3. d4 c6 4. c4 dxc4 5. Bg2 Nbd7 6. Nfd2 Nb6 7. O-O Qxd4 8.
Qc2 Bg4 9. Nf3 Qe4 10. Qxe4 Nxe4 11. Ne5 Nf6 12. Nxc6 bxc6 13. Bxc6+ Nfd7 14.
Bxa8 Nxa8 15. f3 Bh3 16. Rd1 e5 17. Be3 Nab6 18. Nc3 Bc5 19. Bf2 Be6 20. Ne4
Bxf2+ 21. Kxf2 f6 22. Rd6 Ke7 23. Rad1 Rb8 24. Nc3 Nc5 25. Rc6 Na6 26. a4 Rc8
27. Rcd6 Nc5 28. a5 Nbd7 29. Nb5 Rb8 30. Nxa7 Rxb2 31. Nc8+ Kf7 32. a6 Rb8 33.
Rc6 c3 34. a7 Ra8 35. Rc7 Kf8 36. Rc1 Na4 37. e4 Ndc5 38. Nb6 Rd8 39. Nc8 Rd2+
40. Kg1 c2 41. Rxc2 Rxc2 42. a8=Q Rc1+ 43. Kg2 Rc2+ 44. Kg1 Rc1+ 45. Kg2 Rc2+
46. Kg1 Rc1+ 1/2-1/2

[Event "Oban Open"]
[Site "Oban"]
[Date "2015.11.21"]
[Round "3"]
[White "Sykes, Chris"]
[Black "Toothill, John"]
[Result "1-0"]
[WhiteElo "1876"]
[BlackElo "2151"]
[PlyCount "85"]
[EventDate "2015.10.??"]
[EventType "swiss"]
[EventRounds "5"]
[EventCountry "SCO"]
[SourceDate "2015.12.10"]

1. d4 Nf6 2. Nc3 d5 3. Bg5 Bf5 4. Bxf6 exf6 5. e3 Bb4 6. Nge2 c6 7. a3 Bd6 8.
Ng3 Bg6 9. Bd3 Nd7 10. e4 Qb6 11. exd5 O-O 12. O-O Rad8 13. Bxg6 hxg6 14. dxc6
bxc6 15. b4 f5 16. Re1 Nf6 17. Na4 Qb5 18. c3 Rfe8 19. Qc2 f4 20. Nf1 f3 21.
Nc5 fxg2 22. Kxg2 Nh5 23. Kh1 Nf4 24. Re4 Rxe4 25. Qxe4 Qb8 26. Qf3 Re8 27. Nd3
Nd5 28. c4 Nf6 29. Re1 Rxe1 30. Nxe1 Qe8 31. Nd3 Bb8 32. Ne3 Qe6 33. c5 Qb3 34.
Qxc6 Qxd3 35. Qc8+ Kh7 36. Qxb8 Qe4+ 37. Kg1 Nh5 38. Qe5 Qh4 39. c6 Nf4 40. Kf1
Qxh2 41. Qe4 Qh3+ 42. Ke1 f5 43. Qxf4 1-0

[Event "Oban Open"]
[Site "Oban"]
[Date "2015.11.21"]
[Round "3"]
[White "Robinson, Stephen"]
[Black "Birkett, Richard"]
[Result "0-1"]
[WhiteElo "1753"]
[BlackElo "2061"]
[PlyCount "56"]
[EventDate "2015.10.??"]
[EventType "swiss"]
[EventRounds "5"]
[EventCountry "SCO"]
[SourceDate "2015.12.10"]

1. f4 d6 2. Nf3 g6 3. g3 Bg7 4. d3 Nc6 5. Bg2 e5 6. c3 Nge7 7. O-O O-O 8. e4 h6
9. Qb3 Be6 10. Qxb7 a6 11. Be3 Qd7 12. f5 gxf5 13. exf5 Bxf5 14. Qb3 Bxd3 15.
Rf2 Rab8 16. Qd1 e4 17. Nh4 Ne5 18. Qh5 Qg4 19. Qxg4 Nxg4 20. Rf4 Nxe3 21. Bxe4
Bxe4 22. Rxe4 Nc2 23. Rxe7 Nxa1 24. Nd2 Rxb2 25. Ndf3 Bf6 26. Rxc7 Bxh4 27.
gxh4 Re8 28. c4 Ree2 0-1

[Event "Oban Open"]
[Site "Oban"]
[Date "2015.11.21"]
[Round "3"]
[White "Grant, Alan"]
[Black "Murdochy, Shivan"]
[Result "1-0"]
[WhiteElo "1990"]
[BlackElo "1912"]
[PlyCount "31"]
[EventDate "2015.10.??"]
[EventType "swiss"]
[EventRounds "5"]
[EventCountry "SCO"]
[SourceDate "2015.12.10"]

1. d4 e6 2. Nf3 Nf6 3. Bg5 h6 4. Bxf6 Qxf6 5. e4 d6 6. Nc3 g6 7. Qd2 Bg7 8.
O-O-O Nc6 9. Bb5 O-O 10. h4 e5 11. Nd5 Qd8 12. dxe5 Nxe5 13. Nxe5 dxe5 14. Qb4
c5 15. Qxc5 Qa5 16. a4 1-0

[Event "Oban Open"]
[Site "Oban"]
[Date "2015.11.21"]
[Round "3"]
[White "Jelfs, Alan"]
[Black "Thomson, Neil"]
[Result "0-1"]
[WhiteElo "1840"]
[BlackElo "1976"]
[PlyCount "68"]
[EventDate "2015.10.??"]
[EventType "swiss"]
[EventRounds "5"]
[EventCountry "SCO"]
[SourceDate "2015.12.10"]

1. d4 g6 2. c4 Nf6 3. Nc3 Bg7 4. e4 d6 5. Be2 O-O 6. Be3 e5 7. d5 a5 8. Nf3 Ng4
9. Bg5 f6 10. Bh4 Nh6 11. Nd2 g5 12. Bg3 f5 13. f3 Na6 14. a3 c5 15. dxc6 bxc6
16. b4 Nc7 17. Nb3 axb4 18. axb4 Rxa1 19. Qxa1 d5 20. Na5 d4 21. Nxc6 Qd6 22.
Nd5 Nxd5 23. cxd5 Bb7 24. O-O Bxc6 25. dxc6 Qxc6 26. Rc1 Qb6 27. Qa2+ Kh8 28.
Qc4 fxe4 29. Bd1 d3+ 30. Kh1 Qd4 31. Qxd4 exd4 32. Bb3 e3 33. Ra1 d2 34. Ra2
Rc8 0-1

[Event "Oban Open"]
[Site "Oban"]
[Date "2015.11.21"]
[Round "3"]
[White "Phillips, David A"]
[Black "Kefalas, Loukas"]
[Result "0-1"]
[WhiteElo "1985"]
[BlackElo "1844"]
[PlyCount "118"]
[EventDate "2015.10.??"]
[EventType "swiss"]
[EventRounds "5"]
[EventCountry "SCO"]
[SourceDate "2015.12.10"]

1. e4 c5 2. Nf3 d6 3. Nc3 a6 4. a4 g6 5. d4 cxd4 6. Nxd4 b6 7. g3 Bg7 8. Bg2
Bb7 9. O-O Nf6 10. Be3 O-O 11. h3 Nfd7 12. Qd2 Re8 13. Rad1 Nc6 14. Nde2 Rb8
15. Nd5 Ba8 16. b3 b5 17. axb5 axb5 18. Nd4 Nc5 19. f4 e6 20. b4 Nxe4 21. Bxe4
exd5 22. Bxd5 Nxd4 23. Bxd4 Bxd5 24. Bxg7 Bc4 25. Qd4 Bxf1 26. Bh8 Qb6 27. Kxf1
Qxd4 28. Bxd4 h5 29. Kf2 Ra8 30. Kf3 Ra3+ 31. c3 Ra2 32. h4 f5 33. Be3 Rc2 34.
Bd4 Ra2 35. Be3 Ra3 36. Bd4 Kf7 37. Rd2 Re4 38. Kf2 Ke6 39. Bg7 Ra1 40. Bd4 Rh1
41. Kg2 Rhe1 42. Kf2 Kd5 43. Be3+ Kc4 44. Kxe1 Rxe3+ 45. Kf2 Re6 46. Rc2 Kd3
47. Rc1 Kd2 48. Rb1 Kxc3 49. Kf3 d5 50. Rc1+ Kxb4 51. Rc7 Kb3 52. Rd7 b4 53.
Rxd5 Kc4 54. Rd8 Rb6 55. Rc8+ Kd3 56. Rd8+ Kc2 57. Rc8+ Kb1 58. Ke3 b3 59. Kd3
b2 0-1

[Event "Oban Open"]
[Site "Oban"]
[Date "2015.11.21"]
[Round "3"]
[White "Bhopal, Raj"]
[Black "Slinger, Anthony"]
[Result "1-0"]
[WhiteElo "1942"]
[BlackElo "1926"]
[PlyCount "93"]
[EventDate "2015.10.??"]
[EventType "swiss"]
[EventRounds "5"]
[EventCountry "SCO"]
[SourceDate "2015.12.10"]

1. e4 c5 2. Nf3 d6 3. d4 cxd4 4. Nxd4 Nf6 5. Nc3 a6 6. Be3 e6 7. a4 b6 8. Be2
Bb7 9. f3 Nc6 10. O-O Be7 11. Nxc6 Bxc6 12. Qd4 O-O 13. Qxb6 Qxb6 14. Bxb6 Rfb8
15. a5 Nd7 16. Na4 Bxa4 17. Rxa4 Nxb6 18. axb6 Rxb6 19. b3 Bf6 20. Rd1 g6 21.
f4 a5 22. Bc4 Rb4 23. Rxd6 Rxa4 24. bxa4 Rc8 25. Bb3 Rd8 26. Rxd8+ Bxd8 27. Kf2
Kf8 28. Ke2 Ke7 29. Kd3 h6 30. Kd4 g5 31. fxg5 hxg5 32. Kc5 Kf6 33. c4 Ke5 34.
Bc2 Be7+ 35. Kb5 Bd8 36. c5 Kd4 37. c6 Kc3 38. Bd1 Kd4 39. Bf3 f5 40. exf5 exf5
41. g3 Bc7 42. h4 g4 43. Bh1 Bxg3 44. h5 Be5 45. h6 f4 46. h7 f3 47. c7 1-0

[Event "Oban Open"]
[Site "Oban"]
[Date "2015.11.21"]
[Round "3"]
[White "Doyle, Jim"]
[Black "Marks, Ian A"]
[Result "0-1"]
[WhiteElo "1891"]
[BlackElo "1802"]
[PlyCount "58"]
[EventDate "2015.10.??"]
[EventType "swiss"]
[EventRounds "5"]
[EventCountry "SCO"]
[SourceDate "2015.12.10"]

1. d4 d6 2. e4 Nf6 3. Bd3 Nc6 4. c3 e5 5. d5 Ne7 6. Ne2 Ng6 7. O-O Be7 8. f4
exf4 9. Nxf4 Ne5 10. Bc2 O-O 11. Nd2 c6 12. Nb3 c5 13. h3 Nfd7 14. Nd2 b6 15.
c4 Ba6 16. b3 b5 17. Qe2 Rb8 18. cxb5 Bxb5 19. Nc4 Nb6 20. Bd3 Nxd3 21. Qxd3
Bf6 22. Rb1 Bd4+ 23. Kh2 Nxc4 24. bxc4 Bxc4 25. Rxb8 Bxd3 26. Rxd8 Bxf1 27.
Rxf8+ Kxf8 28. Kg3 g5 29. Nh5 Be2 0-1

[Event "Oban Open"]
[Site "Oban"]
[Date "2015.11.21"]
[Round "3"]
[White "Robertson, Ian C"]
[Black "Brown, Allan D"]
[Result "1-0"]
[WhiteElo "2085"]
[BlackElo "1695"]
[PlyCount "47"]
[EventDate "2015.10.??"]
[EventType "swiss"]
[EventRounds "5"]
[EventCountry "SCO"]
[SourceDate "2015.12.10"]

1. e4 e5 2. d4 exd4 3. c3 dxc3 4. Bc4 Bc5 5. Bxf7+ Kxf7 6. Qd5+ Ke8 7. Qxc5 d6
8. Qxc3 Qe7 9. Be3 Nc6 10. Nf3 Nf6 11. Nbd2 Bg4 12. Qb3 Nxe4 13. O-O Kd7 14.
Rac1 Rhf8 15. Qxb7 Nc5 16. Bxc5 dxc5 17. Rfe1 Qf7 18. Rxc5 Bxf3 19. Nxf3 Rab8
20. Qxc6+ Kc8 21. Qa6+ Rb7 22. Rb5 c6 23. Qxc6+ Kb8 24. Rxb7+ 1-0

[Event "Oban Open"]
[Site "Oban"]
[Date "2015.11.22"]
[Round "4"]
[White "Greet, Andrew"]
[Black "Romilly, PJ."]
[Result "1-0"]
[WhiteElo "2496"]
[BlackElo "2057"]
[PlyCount "67"]
[EventDate "2015.10.??"]
[EventType "swiss"]
[EventRounds "5"]
[EventCountry "SCO"]
[SourceDate "2015.12.10"]

1. d4 d5 2. c4 Nc6 3. Nc3 dxc4 4. Nf3 Bg4 5. d5 Bxf3 6. exf3 Ne5 7. Bf4 Nd3+ 8.
Bxd3 cxd3 9. Qxd3 a6 10. O-O-O g6 11. Qc4 Nf6 12. Qxc7 Qxc7 13. Bxc7 Bh6+ 14.
Kb1 O-O 15. Rhe1 Rfe8 16. Ne4 Nd7 17. d6 e6 18. Re2 f5 19. Nc3 Bg5 20. Na4 Bd8
21. Rc2 b5 22. Nc5 Nxc5 23. Rxc5 Kf7 24. Bxd8 Rexd8 25. Rc7+ Kf6 26. Rxh7 Rac8
27. f4 Rc6 28. d7 Rb6 29. b4 Rc6 30. g3 Rc4 31. a3 Rc6 32. Kb2 Rb6 33. h4 Rb7
34. f3 1-0

[Event "Oban Open"]
[Site "Oban"]
[Date "2015.11.22"]
[Round "4"]
[White "Page, Mark"]
[Black "Berry, Neil"]
[Result "0-1"]
[WhiteElo "2047"]
[BlackElo "2288"]
[PlyCount "50"]
[EventDate "2015.10.??"]
[EventType "swiss"]
[EventRounds "5"]
[EventCountry "SCO"]
[SourceDate "2015.12.10"]

1. e4 e5 2. Nf3 Nc6 3. Bb5 a6 4. Ba4 Nf6 5. d4 exd4 6. O-O Be7 7. e5 Ne4 8.
Nxd4 O-O 9. Nf5 d5 10. Bxc6 bxc6 11. Nxe7+ Qxe7 12. Re1 f6 13. f3 Nc5 14. Bf4
Ne6 15. exf6 Qxf6 16. Be5 Qg6 17. Qd3 Rf5 18. Nd2 Bd7 19. Nf1 Qg5 20. Qe3 Qh4
21. g4 Rf7 22. Ng3 Ng5 23. Rf1 Raf8 24. f4 Nh3+ 25. Kg2 Qxg4 0-1

[Event "Oban Open"]
[Site "Oban"]
[Date "2015.11.22"]
[Round "4"]
[White "Gillies, A."]
[Black "Orr, Mark JL"]
[Result "1/2-1/2"]
[WhiteElo "1908"]
[BlackElo "2169"]
[PlyCount "64"]
[EventDate "2015.10.??"]
[EventType "swiss"]
[EventRounds "5"]
[EventCountry "SCO"]
[SourceDate "2015.12.10"]

1. d4 Nf6 2. Nf3 e6 3. g3 b5 4. Bg2 Bb7 5. O-O c5 6. a4 b4 7. c4 cxd4 8. Nxd4
Bxg2 9. Kxg2 d5 10. cxd5 Qxd5+ 11. f3 Nc6 12. Nb5 Rc8 13. Qxd5 Nxd5 14. e4 Nf6
15. Be3 a6 16. Nd4 Ne5 17. b3 Be7 18. Ra2 O-O 19. Rff2 Rfd8 20. Rfd2 Kf8 21.
Nc2 Rxd2+ 22. Bxd2 a5 23. Ne3 Ke8 24. Rc2 Rxc2 25. Nxc2 Bc5 26. Be3 Nfd7 27.
Nd2 Kd8 28. Kf1 Kc7 29. Ke2 Nc6 30. h3 e5 31. h4 Bxe3 32. Kxe3 Nc5 1/2-1/2

[Event "Oban Open"]
[Site "Oban"]
[Date "2015.11.22"]
[Round "4"]
[White "Neave, George"]
[Black "Kefalas, Loukas"]
[Result "1-0"]
[WhiteElo "2130"]
[BlackElo "1844"]
[PlyCount "65"]
[EventDate "2015.10.??"]
[EventType "swiss"]
[EventRounds "5"]
[EventCountry "SCO"]
[SourceDate "2015.12.10"]

1. e4 e5 2. Nf3 Nc6 3. Bb5 a6 4. Ba4 Nf6 5. d4 b5 6. Bb3 exd4 7. e5 Ne4 8. Bd5
Nc5 9. Nxd4 Bb7 10. O-O Nxd4 11. Bxb7 Nxb7 12. Qxd4 h5 13. Nc3 Be7 14. a4 b4
15. Nd5 Na5 16. e6 dxe6 17. Qxg7 Rf8 18. Nxe7 Qxe7 19. Qe5 Nc6 20. Qe4 Qc5 21.
Rd1 Qb6 22. Be3 Qb7 23. f3 Rb8 24. Rd3 Ne7 25. Qe5 Nf5 26. Bf2 Rg8 27. Re1 Ne7
28. Qxh5 Qc6 29. Qc5 Qxa4 30. Qxc7 Rc8 31. Qd6 Qxc2 32. Red1 Nd5 33. Rxd5 1-0

[Event "Oban Open"]
[Site "Oban"]
[Date "2015.11.22"]
[Round "4"]
[White "Birkett, Richard"]
[Black "Sykes, Chris"]
[Result "1-0"]
[WhiteElo "2061"]
[BlackElo "1876"]
[PlyCount "69"]
[EventDate "2015.10.??"]
[EventType "swiss"]
[EventRounds "5"]
[EventCountry "SCO"]
[SourceDate "2015.12.10"]

1. e4 c6 2. f4 d5 3. e5 c5 4. d4 Nh6 5. Nf3 Bg4 6. dxc5 e6 7. b4 Be7 8. Be2 O-O
9. Be3 Nf5 10. Bf2 f6 11. Nd4 Bxe2 12. Qxe2 Nxd4 13. Bxd4 Nc6 14. c3 fxe5 15.
fxe5 Nxd4 16. cxd4 Rf4 17. Qd3 Re4+ 18. Kd1 Qe8 19. Nd2 Qa4+ 20. Qb3 Qxb3+ 21.
Nxb3 Rf8 22. Re1 Ref4 23. Rc1 Rf2 24. Re2 Rf1+ 25. Kc2 R1f2 26. Kd3 Rxe2 27.
Kxe2 b6 28. b5 bxc5 29. dxc5 Rc8 30. a4 Bd8 31. Nd4 Bg5 32. Rc2 Bf4 33. Nc6
Rxc6 34. bxc6 Bxe5 35. Rb2 1-0

[Event "Oban Open"]
[Site "Oban"]
[Date "2015.11.22"]
[Round "4"]
[White "Newton, Andrew"]
[Black "Grant, Alan"]
[Result "0-1"]
[WhiteElo "1862"]
[BlackElo "1990"]
[PlyCount "110"]
[EventDate "2015.10.??"]
[EventType "swiss"]
[EventRounds "5"]
[EventCountry "SCO"]
[SourceDate "2015.12.10"]

1. d4 d5 2. c4 dxc4 3. e3 e5 4. Bxc4 exd4 5. exd4 Bd6 6. Nc3 Nf6 7. Nge2 O-O 8.
Bg5 Nc6 9. Qd2 a6 10. O-O-O b5 11. Bd3 Bb7 12. Ng3 Nb4 13. Bb1 Nbd5 14. Nxd5
Bxd5 15. Qc2 g6 16. Rhe1 Bxg3 17. fxg3 Qd6 18. Bf4 Qd7 19. h3 Rfe8 20. Be5 Re6
21. Qf2 Qc6+ 22. Kd2 Qb6 23. b4 Nd7 24. Bf4 Rae8 25. a3 c6 26. Bd3 Nf6 27. g4
Ne4+ 28. Bxe4 Rxe4 29. Rxe4 Rxe4 30. Be3 Qc7 31. g3 Qe7 32. Re1 a5 33. Bh6 axb4
34. Rxe4 Bxe4 35. Qf4 f6 36. g5 f5 37. Qb8+ Kf7 38. Qh8 bxa3 39. Qxh7+ Ke6 40.
Qg8+ Qf7 41. Qc8+ Kd5 42. Qa8 Kxd4 43. Qxa3 Qc4 44. Qd6+ Qd5 45. Qb4+ Ke5+ 46.
Ke1 Bd3 47. Qf4+ Ke6 48. Qe3+ Qe4 49. Qxe4+ Bxe4 50. Bf8 Kd5 51. h4 Bf3 52. Kd2
c5 53. Bg7 Kc4 54. Ke3 Bg4 55. Kd2 Kb3 0-1

[Event "Oban Open"]
[Site "Oban"]
[Date "2015.11.22"]
[Round "4"]
[White "Thomson, Neil"]
[Black "Bhopal, Raj"]
[Result "1-0"]
[WhiteElo "1976"]
[BlackElo "1942"]
[PlyCount "89"]
[EventDate "2015.10.??"]
[EventType "swiss"]
[EventRounds "5"]
[EventCountry "SCO"]
[SourceDate "2015.12.10"]

1. e4 d5 2. exd5 Qxd5 3. Nc3 Qd6 4. d4 Nf6 5. Nf3 a6 6. g3 Nc6 7. Bg2 Bg4 8. h3
Bxf3 9. Bxf3 O-O-O 10. d5 Qe5+ 11. Be3 e6 12. O-O exd5 13. Ne2 Qf5 14. Nf4 h5
15. Bg2 Be7 16. c3 g5 17. Ne2 Ne4 18. Nd4 Nxd4 19. Bxd4 f6 20. b4 h4 21. g4 Qf4
22. Be3 Qe5 23. Bd4 Qd6 24. Qe2 Qc6 25. Rfe1 Rhe8 26. Bxe4 dxe4 27. Qxe4 Qd7
28. Qf3 Bxb4 29. Bxf6 Be7 30. Bxe7 Rxe7 31. Red1 Rf7 32. Qe2 Qe7 33. Rxd8+ Kxd8
34. Qd2+ Kc8 35. Re1 Qd8 36. Qe3 Kb8 37. Qc5 Rd7 38. Re5 b6 39. Qe3 Rd1+ 40.
Kg2 Qd3 41. Qxd3 Rxd3 42. Rxg5 Rxc3 43. Rf5 Kc8 44. g5 Rc6 45. Kf3 1-0

[Event "Oban Open"]
[Site "Oban"]
[Date "2015.11.22"]
[Round "4"]
[White "Bamber, Elaine"]
[Black "Marks, Ian A"]
[Result "1-0"]
[WhiteElo "2106"]
[BlackElo "1802"]
[PlyCount "49"]
[EventDate "2015.10.??"]
[EventType "swiss"]
[EventRounds "5"]
[EventCountry "SCO"]
[SourceDate "2015.12.10"]

1. e4 d6 2. Nc3 Nf6 3. Bc4 g6 4. d3 c6 5. Bb3 Bg4 6. f3 Bc8 7. f4 Bg4 8. Nf3
Nbd7 9. h3 Bxf3 10. Qxf3 Nc5 11. Be3 Nxb3 12. axb3 d5 13. Qf2 b6 14. f5 c5 15.
Bd2 d4 16. Ne2 Bg7 17. O-O a5 18. fxg6 fxg6 19. e5 Nh5 20. Qf7+ Kd7 21. Nf4
Nxf4 22. Bxf4 Qg8 23. e6+ Kd8 24. Bc7+ Kxc7 25. Qxe7+ 1-0

[Event "Oban Open"]
[Site "Oban"]
[Date "2015.11.22"]
[Round "4"]
[White "Giulian, Rosemary"]
[Black "Dawson, Alastair"]
[Result "1-0"]
[WhiteElo "1831"]
[BlackElo "1861"]
[PlyCount "65"]
[EventDate "2015.10.??"]
[EventType "swiss"]
[EventRounds "5"]
[EventCountry "SCO"]
[SourceDate "2015.12.10"]

1. e4 d6 2. d4 Nf6 3. Nc3 e5 4. Nf3 Nbd7 5. Be2 c6 6. a4 a5 7. O-O Qc7 8. h3 g6
9. Be3 Bg7 10. Qd2 O-O 11. Rad1 Re8 12. dxe5 dxe5 13. Bh6 Nc5 14. Bxg7 Kxg7 15.
Qe3 b6 16. Bc4 Be6 17. Bxe6 Nxe6 18. Rd2 Rad8 19. Rfd1 Nc5 20. Rxd8 Rxd8 21.
Rxd8 Qxd8 22. Nxe5 Qe8 23. Ng4 Ncxe4 24. Nxe4 Nxe4 25. Qd4+ f6 26. Qxb6 Qd7 27.
Ne3 h5 28. Qxa5 Qd4 29. Qc7+ Kf8 30. Qxc6 Qb4 31. c3 Qe7 32. Nd5 Nd6 33. Nxe7
1-0

[Event "Oban Open"]
[Site "Oban"]
[Date "2015.11.22"]
[Round "4"]
[White "Ridge, Michael"]
[Black "Robertson, Ian C"]
[Result "0-1"]
[WhiteElo "1916"]
[BlackElo "2085"]
[PlyCount "62"]
[EventDate "2015.10.??"]
[EventType "swiss"]
[EventRounds "5"]
[EventCountry "SCO"]
[SourceDate "2015.12.10"]

1. c4 d6 2. Nc3 Nf6 3. Nf3 e5 4. g3 Be7 5. Bg2 O-O 6. d4 Nbd7 7. O-O c6 8. e4
Qa5 9. a3 a6 10. b4 Qc7 11. Rb1 b6 12. h3 Bb7 13. Be3 Rfe8 14. Rc1 Bf8 15. Qd2
exd4 16. Nxd4 Ne5 17. Nce2 c5 18. Nf5 Bxe4 19. f4 Nc6 20. Bxe4 Nxe4 21. Qd3 Re6
22. b5 axb5 23. cxb5 Na5 24. Nfd4 Ree8 25. f5 Qd7 26. Nf3 Qxf5 27. Ng5 Qg6 28.
Rxf7 h6 29. Rf4 hxg5 30. Rg4 Qe6 31. Re1 Nf6 0-1

[Event "Oban Open"]
[Site "Oban"]
[Date "2015.11.22"]
[Round "4"]
[White "Toothill, John"]
[Black "Jelfs, Alan"]
[Result "1-0"]
[WhiteElo "2151"]
[BlackElo "1840"]
[PlyCount "27"]
[EventDate "2015.10.??"]
[EventType "swiss"]
[EventRounds "5"]
[EventCountry "SCO"]
[SourceDate "2015.12.10"]

1. e4 e5 2. Nf3 Nc6 3. Bb5 a6 4. Ba4 Nf6 5. O-O Nxe4 6. Re1 Nc5 7. Nxe5 Nxe5 8.
Rxe5+ Be7 9. Nc3 Nxa4 10. Nd5 Kf8 11. Rxe7 c6 12. Qh5 Qxe7 13. Nxe7 Kxe7 14.
Qh4+ 1-0

[Event "Oban Open"]
[Site "Oban"]
[Date "2015.11.22"]
[Round "4"]
[White "Rutherford, William"]
[Black "Murdochy, Shivan"]
[Result "1-0"]
[WhiteElo "2064"]
[BlackElo "1912"]
[PlyCount "55"]
[EventDate "2015.10.??"]
[EventType "swiss"]
[EventRounds "5"]
[EventCountry "SCO"]
[SourceDate "2015.12.10"]

1. d4 e6 2. Nf3 Nf6 3. c4 b6 4. Bf4 Bb7 5. Nc3 Bb4 6. Qb3 Bxc3+ 7. Qxc3 d6 8.
e3 Nbd7 9. Be2 Qe7 10. h3 O-O 11. O-O Rfe8 12. Rfe1 e5 13. Bh2 e4 14. Nd2 Nf8
15. b4 a5 16. a3 Ne6 17. Nb3 axb4 18. axb4 Rxa1 19. Rxa1 Ra8 20. Rxa8+ Bxa8 21.
Qa1 Qd8 22. Qa7 Qc8 23. d5 Nf8 24. Nd4 c6 25. dxc6 Bxc6 26. Qxb6 Bd7 27. Bxd6
Qa8 28. Qb8 1-0